000
00288nam a2200121Ia 4500
008
190216s9999||||xx |||||||||||||| ||und||
100
_a
Paish F W
245
0
_a
Benham`S Economics
260
_b
The English Language Book Society
_c
1964
300
_a
575p
650
_a
Commerce
942
_c
BK
999
_c
4693
_d
4693